000 00788nam a2200253 i 4500
001 bg
100 1 _aŁAZAREK, Marianna
245 1 0 _aTurystyka a zjawiska paranormalne /
_cMarianna i Roman Łazarkowie.
260 _aWarszawa :
_bAlmaMer - Wyższa Szkoła Ekonomiczna,
_c2005.
300 _a98, [1] s. ;
_c24 cm.
504 _aBibliogr.
650 9 _aTurystyka a zjawiska paranormalne
650 9 _aZjawiska paranormalne
650 9 _aPrzewodniki turystyczne
700 1 _ałAZAREK, Roman
020 _a8360197091
040 _cBPK
041 0 _apol
080 _a338.48:398.4
920 _a83-60197-09-1
942 _cKS
008 s pl f |000 0 pol
999 _c51832
_d51832
856 _uhttp://koha.tu.koszalin.pl/cgi-bin/koha/opac-detail.pl?biblionumber=51832
_yKatalog online BPK